Statistics for Chain Reaction #1

Click here to take the quiz!

General Stats

  • This quiz has been taken 102 times
  • The average score is 3 of 15

Answer Stats

HintAnswer% Correct
T- A big plant commonly found in yardsTree
100%
HHouse
86%
HHunt
26%
DDown
20%
HHall
14%
TTown
14%
WWay
14%
BBill
5%
RRoom
5%
BBoard
3%
GGame
3%
CConversion
2%
EEquation
2%
RRate
2%
TTemperature
2%

Score Distribution

Percentile by Number Answered

Percent of People with Each Score

Your Score History

You have not taken this quiz